<?xml version="1.0" encoding="UTF-8"?><?xml-stylesheet type="text/xsl" href="static/style.xsl"?><OAI-PMH xmlns="http://www.openarchives.org/OAI/2.0/" xmlns:xsi="http://www.w3.org/2001/XMLSchema-instance" xsi:schemaLocation="http://www.openarchives.org/OAI/2.0/ http://www.openarchives.org/OAI/2.0/OAI-PMH.xsd"><responseDate>2026-04-17T04:13:46Z</responseDate><request verb="GetRecord" identifier="oai:www.recercat.cat:2117/192733" metadataPrefix="marc">https://recercat.cat/oai/request</request><GetRecord><record><header><identifier>oai:recercat.cat:2117/192733</identifier><datestamp>2025-07-23T06:47:37Z</datestamp><setSpec>com_2072_1033</setSpec><setSpec>col_2072_452951</setSpec></header><metadata><record xmlns="http://www.loc.gov/MARC21/slim" xmlns:dcterms="http://purl.org/dc/terms/" xmlns:xsi="http://www.w3.org/2001/XMLSchema-instance" xmlns:doc="http://www.lyncode.com/xoai" xsi:schemaLocation="http://www.loc.gov/MARC21/slim http://www.loc.gov/standards/marcxml/schema/MARC21slim.xsd">
   <leader>00925njm 22002777a 4500</leader>
   <datafield ind2=" " ind1=" " tag="042">
      <subfield code="a">dc</subfield>
   </datafield>
   <datafield ind2=" " ind1=" " tag="720">
      <subfield code="a">Serra Serrabasa, Marta</subfield>
      <subfield code="e">author</subfield>
   </datafield>
   <datafield ind2=" " ind1=" " tag="260">
      <subfield code="c">2019-06-06</subfield>
   </datafield>
   <datafield ind2=" " ind1=" " tag="520">
      <subfield code="a">Objectiu: realitzar una cerca bibliogràfica per tal de recopilar la literatura més actualitzada dels efectes de la prematuritat i valorar la relació que té aquesta en diferents aspectes visuals.&#xd;
Mètode: es va efectuar una cerca bibliogràfica utilitzant la base de dades PubMed. Per tal de poder realitzar la cerca es van utilitzar tres motors de cerca; les paraules clau relacionades amb el tema i les seves combinacions, els autors d’aquests articles i la bibliografia citada en els articles més idonis. Els filtres utilitzats en la cerca van ser: premature refraction, keratometry and premature, refractive status, preterm refractive errors, refractive error development, preterm children and refraction, preterm cornea i preterm cataract. Els articles es van categoritzar segons diferents àrees visuals: estrabisme, refracció, queratometria, estructures oculars i altres aspectes. La cerca es va realitzar amb articles des de l’any 2009 fins a l’actualitat.&#xd;
Resultats: inicialment es van obtenir un total de 5704 articles que després d’aplicar els filtres necessaris van quedar en 42. La distribució segons les àrees visuals indica que es van comptabilitzar 5 articles d’estrabismes, 14 de refracció, 6 amb relació a la queratometria, 14 d’estructures oculars i, finalment 3 articles els quals corresponien a altres aspectes.&#xd;
Conclusions: l’efecte més rellevant de la prematuritat en la visió és l’augment de l’error refractiu, principalment de miopia. D’altra banda, hi ha altres paràmetres alterats en els casos de naixement prematur, com per exemple, un augment del gruix i la curvatura corneal, la retina central més gruixuda i majors probabilitats de desenvolupar estrabisme, entre d’altres.</subfield>
   </datafield>
   <datafield tag="653" ind2=" " ind1=" ">
      <subfield code="a">Àrees temàtiques de la UPC::Ciències de la visió::Optometria::Acomodació i refracció</subfield>
   </datafield>
   <datafield tag="653" ind2=" " ind1=" ">
      <subfield code="a">Eye--Accomodation and refraction</subfield>
   </datafield>
   <datafield tag="653" ind2=" " ind1=" ">
      <subfield code="a">Premature babies</subfield>
   </datafield>
   <datafield tag="653" ind2=" " ind1=" ">
      <subfield code="a">Ulls -- Acomodació i refracció</subfield>
   </datafield>
   <datafield tag="653" ind2=" " ind1=" ">
      <subfield code="a">Infants prematurs</subfield>
   </datafield>
   <datafield ind2="0" ind1="0" tag="245">
      <subfield code="a">Error refractiu en nens prematurs</subfield>
   </datafield>
</record></metadata></record></GetRecord></OAI-PMH>